Simply a great manager : (Record no. 68300)

000 -LEADER
fixed length control field 01074cam a2200337 a 4500
001 - CONTROL NUMBER
control field 15373969
003 - CONTROL NUMBER IDENTIFIER
control field NUST - PNEC
005 - DATE AND TIME OF LATEST TRANSACTION
control field 20170116181048.0
008 - FIXED-LENGTH DATA ELEMENTS--GENERAL INFORMATION
fixed length control field 080721s2008 enka b 000 0 eng d
010 ## - LIBRARY OF CONGRESS CONTROL NUMBER
LC control number 2008428449
015 ## - NATIONAL BIBLIOGRAPHY NUMBER
National bibliography number GBA613012
Source bnb
016 7# - NATIONAL BIBLIOGRAPHIC AGENCY CONTROL NUMBER
Record control number 013376026
Source Uk
020 ## - INTERNATIONAL STANDARD BOOK NUMBER
International Standard Book Number 1904879764 (pbk.)
020 ## - INTERNATIONAL STANDARD BOOK NUMBER
International Standard Book Number 9781904879763 (pbk.)
035 ## - SYSTEM CONTROL NUMBER
System control number (OCoLC)ocm62892353
040 ## - CATALOGING SOURCE
Original cataloging agency UKM
Transcribing agency LIBRARY
Modifying agency YDXCP
-- CDX
-- DLC
042 ## - AUTHENTICATION CODE
Authentication code lccopycat
050 00 - LIBRARY OF CONGRESS CALL NUMBER
Classification number HD38.2
Item number .H695 2008
082 04 - DEWEY DECIMAL CLASSIFICATION NUMBER
Classification number 658.409 HOY
100 1# - MAIN ENTRY--PERSONAL NAME
Personal name Hoyle, Michael.
245 10 - TITLE STATEMENT
Title Simply a great manager :
Remainder of title the 15 fundamentals of being a successful manager /
Statement of responsibility, etc. Michael Hoyle, Peter Newman.
260 ## - PUBLICATION, DISTRIBUTION, ETC.
Place of publication, distribution, etc. London :
Name of publisher, distributor, etc. Mashall Cavendish,
Date of publication, distribution, etc. 2008.
300 ## - PHYSICAL DESCRIPTION
Extent xiv, 177 p. :
Other physical details ill. ;
Dimensions 22 cm.
504 ## - BIBLIOGRAPHY, ETC. NOTE
Bibliography, etc. note Includes bibliographical references.
650 #0 - SUBJECT ADDED ENTRY--TOPICAL TERM
Topical term or geographic name entry element Executive ability.
650 #0 - SUBJECT ADDED ENTRY--TOPICAL TERM
Topical term or geographic name entry element Management.
General subdivision MIS
700 1# - ADDED ENTRY--PERSONAL NAME
Personal name Newman, Peter.
906 ## - LOCAL DATA ELEMENT F, LDF (RLIN)
a 7
b cbc
c copycat
d 2
e ncip
f 20
g y-gencatlg
942 ## - ADDED ENTRY ELEMENTS (KOHA)
Source of classification or shelving scheme
Koha item type Book
Holdings
Withdrawn status Lost status Source of classification or shelving scheme Damaged status Not for loan Permanent Location Current Location Shelving location Date acquired Total Checkouts Full call number Barcode Date last seen Price effective from Koha item type
          Pakistan Navy Engineering College (PNEC) Pakistan Navy Engineering College (PNEC)       658.409 HOY PNECLIB-028787 09/28/2015   Book
© 2023 Central Library, National University of Sciences and Technology. All Rights Reserved.